Escudos de Equipes do Campeonato Croata 2025 - Statistics

Estatísticas Gerais
  • Esse quiz foi jogado 10 vezes
  • A pontuação média é 8 de 10
Estatísticas das Respostas
Imagem Resposta % Correto
Dinamo Zagreb
100%
Hajduk Split
88%
HNK Gorica
88%
HNK Rijeka
88%
HNK Vukovar 1991
88%
Lokomotiva Zagreb
88%
NK Istra 1961
88%
NK Osijek
88%
Varaždin
88%
Slaven Belupo
25%
Nenhum quiz correspondente encontrado
Distribuição das Pontuações
Porcentagem de Pessoas com Cada Pontuação
Percentil de Números Respondidos
Sua Pontuação Histórica
Você não jogou esse quiz